000 00321 a2200145 4500
001 177069
020 _a
040 _cMagnum
100 _aGuedes, Hardy
240 1 0 _aO boitata e o pai-da-mata
_lpor
245 1 0 _aO boitata e o pai-da-mata
362 0 _a1899
697 _aMAGNITO: IJ/LENDAS, FOLCLORE
942 _cBK
999 _c177069
_d177069